Tent of Miracles /
Đã lưu trong:
| Tác giả chính: | |
|---|---|
| Định dạng: | Không biết |
| Ngôn ngữ: | English |
| Được phát hành: |
Estados Unidos :
Alfred A. Knopf,
1971.
|
| Những chủ đề: | |
| Các nhãn: |
Thêm thẻ
Không có thẻ, Là người đầu tiên thẻ bản ghi này!
|
MARC
| LEADER | 000000000a22000000004500 | ||
|---|---|---|---|
| 001 | 002716 | ||
| 020 | |a 039444826X | ||
| 041 | 0 | |a eng | |
| 082 | 0 | 4 | |a Br869.34 |b A481t |
| 100 | 1 | |a Amado, Jorge | |
| 245 | 1 | 0 | |a Tent of Miracles / |c Jorge Amado. |
| 260 | 1 | |a Estados Unidos : |b Alfred A. Knopf, |c 1971. | |
| 300 | |a 380 páginas | ||
| 650 | 4 | |a LITERATURA BRASILEÑA | |
| 650 | 4 | |a NOVELA | |
| 650 | 4 | |a FICCION | |
| 999 | |c 9078 |d 9078 | ||
| 942 | |c BK |h Br869.34 A481t |2 z | ||



